Ιστορία της Μεσογείου

Αποθηκεύτηκε σε:
Λεπτομέρειες βιβλιογραφικής εγγραφής
Άλλοι συγγραφείς: Carpentier, Jean (Επιμελητής έκδοσης), Lebrun, Francois (Επιμελητής έκδοσης), Κωστελένος, Δημήτρης Π., 1932- (Μεταφραστής), Λεβεντοπούλου, Μαρία (edtf), Γιαντσή, Νικολέττα (edtf), Κοκολάκης, Μιχάλης, 1921- (Επιμελητής έκδοσης)
Μορφή: Βιβλίο
Γλώσσα:Greek
French
Δημοσίευση: Αθήνα : Πατάκης, 2009.
Σειρά:Θεωρητικές επιστήμες. Ιστορία (Πατάκης)
Θέματα:
Ετικέτες: Προσθήκη ετικέτας
Δεν υπάρχουν, Καταχωρήστε ετικέτα πρώτοι!

MARC

LEADER 00000cam a2200000 i 4500
001 1/62276
008 141218s2009 gr | ||| ||||| | gre||
020 |a 9789601609065 
035 |l 10120200 
040 |a GR-MyUA  |b gre  |e AACR2 
041 1 |a gre  |h fre 
082 7 |a 909.09822   |2 (23) 
245 0 0 |a Ιστορία της Μεσογείου /   |c υπό τη διεύθυνση των Jean Carpentier και Francois Lebrun ; μετάφραση: Δημήτρης Π. Κωστελένος ; επιμέλεια: Μαρία Λεβεντοπούλου, Νικολέττα Γιαντσή, Μιχάλης Κοκολάκης.  
260 |a Αθήνα :   |b Πατάκης,   |c 2009.  
300 |a 671 σ. ;   |c 24 εκ.  
490 1 |a (Θεωρητικές επιστήμες. Ιστορία / Πατάκης).  
500 |a Τίτλος πρωτοπύπου: Histoire de la Mediterranee.  
504 |a Βιβλιογραφία: σ. 631-637. Ευρετήριο: σ. 639-667.  
505 0 |a Μια ιστορία χωρίς a priori της "Εσώτερης Θάλασσας" και των λαών που κατοικούν τις ακτές της, από τις απαρχές μέχρι τις μέρες μας. Τριάντα κεφάλαια συγκροτημένα σε πέντε μεγάλα μέρη, σ' ένα βιβλίο που ξεκινά από την ύστερη προϊστορία και φτάνει ως το τέλος του 20ού αιώνα. Περιέχονται παραρτήματα, χάρτες, χρονολόγιο, στατιστικοί πίνακες, γλωσσάρι, βιβλιογραφία και ευρετήριο. 
651 0 |a Mediterranean Region  |x History. 
700 1 |a Carpentier, Jean,  |e edt 
700 1 |a Lebrun, Francois,  |e edt 
700 1 |a Κωστελένος, Δημήτρης Π.,   |d 1932-  |e trl 
700 1 |a Λεβεντοπούλου, Μαρία,  |e edtf 
700 1 |a Γιαντσή, Νικολέττα,  |e edtf 
700 1 |a Κοκολάκης, Μιχάλης,   |d 1921-  |e edt 
830 0 |a Θεωρητικές επιστήμες.   |p Ιστορία (Πατάκης) 
852 |a INST  |b LESVOS  |c EUDOXUS  |e 20141218  |h 909.09822 ΙΣΤ  |p 005100055928  |q 005100055928  |t EDX  |y 0 
852 |a INST  |b RHODES  |e 20220314  |h 909.09822 ΙΣΤ  |p 005400042670  |q 005400042670  |t BK  |y 0 
852 |a INST  |b RHODES  |c EUDOXUS  |e 20170125  |h 909.09822 ΙΣΤ  |p 005400039048  |q 005400039048  |t EDX  |y 0 
852 |a INST  |b RHODES  |c EUDOXUS  |e 20170125  |h 909.09822 ΙΣΤ  |p 005400039049  |q 005400039049  |t EDX  |y 0 
901 |a BIBL1-2014-3 
909 |a Λ  |b 191363 
920 |a Εύδοξος  |b Παραγγελία  |y Ρόδος-ΤΜΣ  |z 2017-01 
920 |a Εύδοξος  |b Παραγγελία  |y Λέσβος-ΤΠΤΕ  |z 2014-11 
970 |a ΤΖΑΦΕΡΗ  |b ΕΥΑΓΓΕΛΙΑ  |z 2014/12/18